000 00748nam a2200181 a 4500
001 000042925
005 20241209090016.0
008 130624s1989 dr r 000 0 spa d
040 _aDO-SdBNP
_bspa
_cBNPHU
082 _axxxx
_bxxxx
245 0 0 _aRepública Dominicana :
_bestimaciones y proyecciones de la población por zonas urbana y rural según años calendario, sexo y edad. 1980-2000.
260 _aSan José, Costa Rica :
_bONAPLAN
_bIEPD
_bCELADE,
_c1989.
300 _a35 p. ;
_c28 cm.
590 _aInventariado, 2019/BT
710 1 2 _aRepublica Dominicana.
_bOficina Nacional de Planificación.
_970392
710 2 2 _aInstituto de Estudios de Población y Desarrollo (República Dominicana)
_970393
710 2 2 _aCELADE (Organización)
_970394
999 _c42414
_d42414